000 00680nam a2200217 i 4500
001 13572
003 ES-MaACL
005 20230906150620.0
007 t|
008 980519s1998 sp ||||1| spa d
020 _a84-86046-90-4
080 _a821.134.2-14"19"
100 1 _aSánchez Robles, Miguel.
_9133014
245 1 0 _aPalabras para un tiempo sin respuesta /
_cMiguel Sánchez Robles.
260 _aFerrol :
_bSociedad de Cultura Valle-Inclán,
_c1998.
300 _a103 p. ;
_c21 cm.
490 1 _aColección Esquío de poesía ;
_v71.a.
830 0 _aColección Esquío de poesía ;
_v71.a.
_9179209
852 _aES-MaACL
_jL-20931
_bR.126604
999 _c13572
_d13572